000 00645nam a2200277 a 4500
001 UByD002488
003 AR-LpoUNG
005 20240306124126.0
008 240306s2015||||ag |||||||||||||||||spa d
020 _a9789873731150
040 _aAR-LpoUNG
_bspa
_cAR-LpoUNG
_eaacr
041 _aspa
044 _aag
082 0 _aA863 83med
100 1 _aZorroaquĆ­n, Juan
245 1 0 _aMedicina
250 _a1ra. ed.
260 _aBuenos Aires :
_bMardulce,
_c2015.
300 _a319 p.
650 4 _aARGENTINA
650 4 _aLITERATURA
650 4 _aNOVELA
653 0 _aLITERATURA ARGENTINA
905 _a55630
942 _cLIB
_2ddc
999 _c65011
_d65011